00604nam a2200181Ia 4500008004100000020001500041041001200056082001600068100001800084245006200102260002500164300000800189650001200197700001900209942000700228999001500235952017200250221030s9999 xx 000 0 und d a007460225X aEnglish a105.23bMah aA. S. Mahajan 0aElectricity & Magnetismcby A. S. Mahajan, A. A. Rangwala bTMHaNew Delhic2000 a508 aPhysics aA. A. Rangwala cBK c7004d7004 pBE 3012g140.00l0o105.23 Mahr2024-06-13 00:00:00w2022-10-30yBK003Print4070aMIETLIBbMIETLIBcBL-Academic Block - C, FL-2, CUP-7, SH-4, R-4d2001-03-1410HBE